Analýza zdrojov financovania v konkrétnom podnikateľskom subjekte diplomová práca

Saved in:
Bibliographic Details
Main Author: Lauková, Miriam
Corporate Author: Fakulta hospodárskej informatiky EU. Katedra účtovníctva a audítorstva
Other Authors: Mateášová, Martina, 1979-
Format: Book
Language:Slovak
Published: Bratislava 2023
Tags: Add Tag
No Tags, Be the first to tag this record!

MARC

LEADER 00000nbm a2200000 4500
001 0301087
005 20250205083031.5
041 0 |a slo 
044 |a SK 
245 1 0 |a Analýza zdrojov financovania v konkrétnom podnikateľskom subjekte  |b diplomová práca  |c Miriam Lauková ; školiteľ: Martina Mateášová 
264 1 |a Bratislava  |c 2023 
300 |a 63 s. 
100 1 |a Lauková, Miriam 
700 1 |a Mateášová, Martina, 1979- 
710 2 |a Fakulta hospodárskej informatiky EU. Katedra účtovníctva a audítorstva